La tercera ola
محفوظ في:
| المؤلف الرئيسي: | |
|---|---|
| التنسيق: | كتاب |
| اللغة: | الإسبانية |
| منشور في: |
Barcelona
Plaza & Janes
1994
|
| الطبعة: | 10a. ed |
| سلاسل: | Biblioteca de Alvin Toffler
Tribuna, 106-1 |
| الموضوعات: | |
| الوسوم: |
إضافة وسم
لا توجد وسوم, كن أول من يضع وسما على هذه التسجيلة!
|
MARC
| LEADER | 00000nam a2200000 a 4500 | ||
|---|---|---|---|
| 001 | UCZ1557 | ||
| 003 | CL-VaPUC | ||
| 008 | 950824e19941000SP |||||||||||||||||spa|d | ||
| 082 | 0 | 4 | |a 303.49 |b TOF |2 21 |
| 100 | 0 | |a Toffler, Alvin |e author |9 345125 | |
| 245 | 1 | 3 | |a La tercera ola |
| 250 | |a 10a. ed | ||
| 300 | |a 661+9 p | ||
| 942 | |c BK | ||
| 945 | |d 19950824 00:00:00 |a awong | ||
| 260 | |a Barcelona |b Plaza & Janes |c 1994 | ||
| 650 | 7 | |a FUTUROLOGIA |2 CL-VaPUC |9 328866 | |
| 650 | 7 | |a FUTURO |2 CL-VaPUC |9 327615 | |
| 650 | 0 | |a Sociología política |9 255920 | |
| 650 | 0 | |a Sociedad contemporánea |9 337179 | |
| 650 | 0 | |a Psicología social |9 222894 | |
| 650 | 0 | |a Política económica |9 255029 | |
| 650 | 0 | |a Información |9 256927 | |
| 650 | 0 | |a Ciencia y tecnología |9 260585 | |
| 583 | |a last modification |c 19950824 00:00:00 |k Rodrigo Vera | ||
| 490 | 0 | |a Biblioteca de Alvin Toffler | |
| 490 | 0 | |a Tribuna, 106-1 | |
| 999 | |c 238293 |d 238291 | ||
| 952 | |0 0 |1 0 |4 0 |6 303_490000000000000_TOF_1994 |7 0 |8 A |9 248358 |a BIBMEC |b BIBMEC |d 2019-11-18 |i 3126684 |o 303.49 TOF 1994 |p 3126684 |r 2024-01-19 |w 2019-11-18 |y BK |k MEC | ||
| 952 | |0 0 |1 0 |4 0 |6 303_490000000000000_TOF_1994 |7 0 |8 A |9 248359 |a BIBING |b BIBING |d 2019-11-18 |i 3493245 |o 303.49 TOF 1994 |p 3493245 |r 2025-01-20 |w 2019-11-18 |y BK |k CCI | ||
| 952 | |0 0 |1 0 |4 0 |6 303_490000000000000_TOF_1994 |7 0 |8 A |9 248360 |a BIBING |b BIBING |d 2019-11-18 |i 3504069 |o 303.49 TOF 1994 |p 3504069 |r 2025-01-20 |w 2019-11-18 |y BK |k CCI | ||
| 952 | |0 0 |1 0 |4 0 |6 303_490000000000000_TOF_1994 |7 0 |8 A |9 248361 |a BIBING |b BIBING |d 2019-11-18 |i 3504077 |o 303.49 TOF 1994 |p 3504077 |r 2025-01-20 |w 2019-11-18 |y BK |k CCI | ||